Statistics for Percy Jackson - Titan's Curse Characters

Click here to take the quiz!

General Stats

  • This quiz has been taken 102 times
  • The average score is 10 of 19

Answer Stats

Hint Answer % Correct
Kid obsessed with MythomagicNico di Angelo
95%
Sally Jackson's boyfriendPaul Blofis
94%
Leader of the HuntersArtemis
90%
God of LoveAphrodite
89%
Talkative girl at Hoover DamRachel Dare
88%
Makes horrible haikusApollo
87%
Nico's brotherBianca di Angelo
83%
Evil TitanAtlas
63%
Annabeth's mortal dadFrederick Chase
60%
"Stars."Zoƫ Nightshade
55%
An OphiotaurusBessie
53%
Was originally going on the quest but got centaur blood on her.Phoebe
52%
Friend of BlackjackGuido
26%
Kills Bianca; creation of HephaestusTalos
25%
Friend of BlackjackPorkpie
23%
DragonLadon
20%
Has a tackling match in with Percy in San FranciscoNereus
10%
StatueChuck
9%
StatueHank
9%

Score Distribution

Percentile by Number Answered

Percent of People with Each Score

Your Score History

You have not taken this quiz